Destiation India : (Record no. 90020)

MARC details
000 -LEADER
fixed length control field 00619nam a22001817a 4500
005 - DATE AND TIME OF LATEST TRANSACTION
control field 20141113122903.0
010 ## - LCCN (DPL NO)
LC control number ENG-111216
020 ## - INTERNATIONAL STANDARD BOOK NUMBER
International Standard Book Number 9780199450558
Terms of availability 450.00
035 ## - SYSTEM CONTROL NUMBER
System control number EN-94748
037 ## - SOURCE OF ACQUISITION
Source of stock number/acquisition DBAD/PUB
100 ## - MAIN ENTRY--PERSONAL NAME
Personal name Rudolph, Lloyd I.
245 ## - TITLE STATEMENT
Title Destiation India :
Remainder of title from London overland to India and what we learned there /
Statement of responsibility, etc by Lloyd I . Rudolph [and] Susanne Hoeber Rudolph
260 ## - PUBLICATION, DISTRIBUTION, ETC. (IMPRINT)
Place of publication, distribution, etc New Delhi
Name of publisher, distributor, etc Oxford University Press
Date of publication, distribution, etc 2014
270 ## - ADDRESS
Address YMCA Library building, 1 Jai Singh Road
City New Delhi
Postal code 110001
300 ## - PHYSICAL DESCRIPTION
Extent xiii, 201p.
Dimensions 22cm(pbk)
700 ## - ADDED ENTRY--PERSONAL NAME
Personal name Rudolph, Susanne Hoeber
942 ## - ADDED ENTRY ELEMENTS (KOHA)
Source of classification or shelving scheme Dewey Decimal Classification
Item type English Books
Call number suffix RUD
Holdings
Withdrawn status Lost status Not for loan Collection code Home library Current library Date acquired Source of acquisition Cost, normal purchase price Full call number Barcode Copy number Cost, replacement price Koha item type
    Not For Loan Non-fiction D.B.Act.Division D.B.Act.Division 13/11/2014 DBAD/PUB 450.00 RUD EN-94748 1 450.00 English Books

© Delhi Public Library
Hit Counter
free hit counter